| 000 | 00874nam a2200265Ia 4500 | ||
|---|---|---|---|
| 003 | OSt | ||
| 005 | 20220925234258.0 | ||
| 006 | a|||||r|||| 00| 0 | ||
| 007 | ta | ||
| 008 | 220923b |||||||| |||| 00| 0 eng d | ||
| 020 |
_a9788177336580 _c187 |
||
| 037 |
_b10810(K), 19/03/2014, ARYAN BOOKS INTERNATIONAL _cGeneral Book |
||
| 040 |
_aRTL _cRTL _beng |
||
| 041 |
_2eng _aeng |
||
| 082 | _aX:8F, Q0;Q2/TD | ||
| 100 |
_aAGrawal K.K. _9299865 |
||
| 245 | 0 |
_aBHARAT'S FUNDAMENTALS of accounting for CPT _b With multiple choice questions |
|
| 250 | _a4th | ||
| 260 |
_a New Delhi _bBharat Law House _c2010 |
||
| 300 |
_a231p _ccm. |
||
| 500 | _aBibliography: p 552-66; Note: with CD-ROM | ||
| 650 | _aCommerce | ||
| 942 |
_hX:8F, Q0;Q2/TD _cGB _2CC |
||
| 999 |
_c595289 _d595289 |
||